Sensacional Discurso de Mons. Manríquez y Zárate (Tomado de "La Libertad", Los Angeles, Calif., 9 de junio de 1929)

Síntesis: El artículo contiene una crónica del discurso que pronunció el obp. de Huejutla en las instalaciones del Comite Central de la Unión Nacionalista Mexicana, en donde hace incapié de lo que deben ser los arreglos entre Iglesia y Estado.

Guardat en:
Dades bibliogràfiques
Autor principal: Manríquez y Zarate, José de Jesús (autor)
Format: Llibre
Matèries:
Etiquetes: Afegir etiqueta
Sense etiquetes, Sigues el primer a etiquetar aquest registre!

MARC

LEADER 00000nam^a2200000^a^4500
001 000249768
005 20250526000000.0
009 20260310105743.76
035 |a R00638 
037 |a Acervo Xavier Clavigero 
082 |a 13. 1  |b MAN V. LIBRO 1 106/147 
100 |a Manríquez y Zarate, José de Jesús  |e (autor) 
245 1 0 |a Sensacional Discurso de Mons. Manríquez y Zárate (Tomado de "La Libertad", Los Angeles, Calif., 9 de junio de 1929) 
264 |a Los Angeles, EUA :  |b Destinatario: Público en general,  |c 1929 
300 |a 2 fojas, mcs/cop. 21.3 X 28 cms. 
336 |a texto  |b txt  |2 rdacontenido 
337 |a sin mediación  |b n  |2 rdamedio 
338 |a volumen  |b nc  |2 rdasoporte 
520 |a Síntesis: El artículo contiene una crónica del discurso que pronunció el obp. de Huejutla en las instalaciones del Comite Central de la Unión Nacionalista Mexicana, en donde hace incapié de lo que deben ser los arreglos entre Iglesia y Estado. 
598 |a Artículo 
598 |a En la biblioteca del ILFC, Guadalajara, Jal. 
598 |a Lugares que cita el documento: Phoenix, Arizona. México 
649 |a XX 
650 |a * Manríquez y Zárate, José de Jesús -  |x Alocuciones, Ensayos, Conferencias 
650 |a Obispos 
910 |a Fondo Jesús Gómez Fregoso S.J. FXC 
920 |a Impresos - Documentos 
930 |a Libros Antiguos y Raros 
940 |a Guerra Cristera 
905 |a 110 
901 |a R00638  |b IT2  |c LRA  |i R00638  |u 20250526 
902 |a https://opac.biblio.iteso.mx/vufind/Record/000249768